00593nam a2200181 a 450000100100000000500170001000800410002704000250006808200140009310000280010724500430013526000360017830000210021450000380023504900090027395201120028299900170039400002631220200930024502.0110312s1987 dr 000 0 spa d aDO-SdBNPbspacBNPHU axxxbO84a1 aOssorio, Ángel95334013aEl alma de la toga /cÁngel Ossorio. aSanto Domingo :bFuturo,c1987. a296 p. ;c21 cm. aIncluye notas al pie de páginas aBNPD 0010718PDaPDbPDcCTd2011-03-12iLF1l0oxxx O84ap26312-10r2020-06-25w2020-06-25yLFPDZNo se presta c25804d25804